000 00562nam a2200181Ia 4500
005 20250326123736.0
008 250326s9999 xx 000 0 und d
037 _aTextbook
040 _aFMSL
_beng
_cFMSL
041 _aeng
_2eng
084 _aL:14:6 L3
_qFMSL
100 _aAbdellah F G
_9735964
245 0 _aNew Directions in patient-centered nursing : guidelines for systems of service, education, and research
_cAbdellah F G
260 _aNY
_bNY, Macmillan
_c1973
300 _a597p
942 _cTB
_hL:14:6 L3
999 _c1270757
_d1270757